Perspectives On Personality/ (Record no. 167576)

MARC details
000 -LEADER
fixed length control field 00643nam a22002057a 4500
005 - DATE AND TIME OF LATEST TRANSACTION
control field 20190912152622.0
010 ## - LCCN (DPL NO)
LC control number ENG-126460
020 ## - INTERNATIONAL STANDARD BOOK NUMBER
Terms of availability 459.00
International Standard Book Number 978-93-530-6785-4
035 ## - SYSTEM CONTROL NUMBER
System control number EN-109992
037 ## - SOURCE OF ACQUISITION
Source of stock number/acquisition DBAD/PUB
082 ## - DEWEY DECIMAL CLASSIFICATION NUMBER
Classification number 155.2
100 ## - MAIN ENTRY--PERSONAL NAME
Personal name Carver, S.Charles
245 ## - TITLE STATEMENT
Title Perspectives On Personality/
Statement of responsibility, etc by Charles S. Carver [and] Michael F. Scheier
250 ## - EDITION STATEMENT
Edition statement Eighth Edition
260 ## - PUBLICATION, DISTRIBUTION, ETC. (IMPRINT)
Place of publication, distribution, etc U.P
Name of publisher, distributor, etc Pearson
Date of publication, distribution, etc 2019
270 ## - ADDRESS
City Noida
Address 15th Floor, Tower-B,World Trade Tower,Plot No. 1, Block-C, Sector 16,,
300 ## - PHYSICAL DESCRIPTION
Extent 302p.
Dimensions 28cm(pbk)
Other physical details ill
700 ## - ADDED ENTRY--PERSONAL NAME
Personal name Scheier,Charles S
942 ## - ADDED ENTRY ELEMENTS (KOHA)
Source of classification or shelving scheme Dewey Decimal Classification
Item type English Books
Classification part 155.2
Call number suffix CAR
Holdings
Withdrawn status Lost status Not for loan Collection code Home library Current library Date acquired Source of acquisition Cost, normal purchase price Full call number Barcode Copy number Cost, replacement price Koha item type
      Non-fiction D.B.Act.Division Mobile Library 12/09/2019 DBAD/PUB 459.00 155.2 CAR EN-109992 1 459.00 English Books

© Delhi Public Library
Hit Counter
free hit counter